[Event "2nd Irena Warakomska Memorial-A"]
[Site "Suwalki"]
[Date "2018.08.01"]
[Round "1"]
[White "Koziak, Vitali"]
[Black "Fus, Jakub"]
[Result "1/2-1/2"]
[WhiteElo "2476"]
[BlackElo "2210"]
[Annotator "TA"]
[PlyCount "103"]
[EventDate "2018.08.01"]
[EventType "swiss"]
[EventCountry "POL"]
[SourceTitle "playchess.com"]
[Source "ChessBase"]
[SourceQuality "1"]

{[%evp 25,103,0,12,9,6,0,17,17,16,17,17,17,17,17,17,26,24,18,21,0,27,24,20,6,6,6,10,6,7,9,6,8,9,10,10,5,9,3,3,-28,0,0,0,0,0,0,12,0,0,0,0,0,0,0,0,0,0,0,0,0,0,0,0,0,0,0,0,0,0,0,0,0,0,0,0,0,0,0,0,0]} 1. d4 Nf6 2. Nf3 b6 3. c4 e6 4. a3 Bb7 5. Nc3 d5 6. cxd5 Nxd5 7. Qc2 Nxc3 8. bxc3 c5 9. e4 Nd7 10. Bd3 Qc7 11. O-O {E12: Queen's Indian: Unusual White 4th moves, 4 a3, 4 Nc3 Bb7 5 a3 and 4 Nc3 Bb7} (11. Bb2 cxd4 12. cxd4 Qxc2 13. Bxc2 Rc8 14. Bd3 Bd6 15. Ke2 Ke7 16. a4 Bb4 17. Rhb1 Rhd8 18. Bc1 a5 19. Bg5+ f6 20. Bd2 Bxd2 21. Nxd2 Rc3 22. Rc1 {½-½ (22) Mamedyarov,S (2800)-Eljanov,P (2739) Geneva 2017}) 11... cxd4 12. cxd4 Qxc2 13. Bxc2 Rc8 {LiveBook: 7 Games} 14. Bd3 Be7 15. Bd2 O-O 16. Bb4 Rfe8 17. Bb5 Bc6 18. Bxc6 Rxc6 19. Bxe7 Rxe7 20. Rfc1 $146 Rxc1+ 21. Rxc1 $11 {[%mdl 4096] Endgame KRN-KRN} Kf8 22. Rc8+ Re8 23. Rc7 Nf6 24. e5 Nd5 25. Rxa7 Rc8 {[#] ( -> ...Rc1+)} 26. g3 {next Ng5 is good for White.} h6 27. Nd2 Rc1+ 28. Kg2 Rd1 29. Nc4 Rxd4 30. Nd6 f6 31. Ra8+ Ke7 32. Re8+ Kd7 33. Rg8 {The position is equal.} fxe5 34. Nf7 Ke7 35. Nxe5 Kf6 36. f4 g5 37. Nf3 Ra4 38. fxg5+ hxg5 39. Nxg5 Rxa3 40. h4 Ne3+ 41. Kh3 Nf5 42. Nh7+ Kf7 43. Rg4 b5 {[%cal Bb6b5,Bb5b4,Bb4b3,Bb3b2][%mdl 32]} 44. h5 b4 45. Rg6 Rxg3+ (45... Ke7 {feels hotter.} 46. Ng5 Rxg3+ 47. Kh2 e5 48. h6 Rg4) 46. Rxg3 Nxg3 47. Kxg3 {KN-KPP} Kg7 48. Ng5 Kh6 49. Kg4 ({Don't go for} 49. Nxe6 $2 b3 $19) 49... b3 {[#] White must now prevent ...b2.} 50. Ne4 b2 51. Nc3 $1 e5 52. Kf5 {Precision: White = 80%, Black = 85%.} 1/2-1/2

[Event "2nd Irena Warakomska Memorial-A"]
[Site "Suwalki"]
[Date "2018.08.01"]
[Round "1"]
[White "Gumularz, Szymon"]
[Black "Budrewicz, Krzysztof"]
[Result "0-1"]
[WhiteElo "2458"]
[BlackElo "2203"]
[Annotator "TA"]
[PlyCount "94"]
[EventDate "2018.08.01"]
[EventType "swiss"]
[EventCountry "POL"]
[SourceTitle "playchess.com"]
[Source "ChessBase"]
[SourceQuality "1"]

{[%evp 12,94,79,69,69,92,121,120,115,130,114,129,114,79,102,97,144,97,117,117,119,67,105,98,101,52,54,48,0,25,13,-10,-13,-15,-6,-14,-16,-16,-14,-73,-77,-34,-34,-34,-36,-32,-33,-35,0,-166,-159,-158,-160,-158,-160,-129,0,-118,0,0,0,-914,-909,-999,-976,-922,-851,-649,-239,-572,-241,-240,-235,-202,-150,-576,-576,-452,-313,-4610,-1623,-29979,-29980,-29988,-29988]} 1. e4 g6 2. d4 Bg7 3. Nc3 d6 4. Bg5 h6 5. Bh4 a6 (5... Nc6 6. d5 Nd4 7. Qd2 c5 8. Nd1 Bd7 9. c3 Nb5 10. f4 Nf6 11. Bd3 Nc7 12. Nf3 b5 13. O-O {1-0 (40) Vallejo Pons,F (2707)-Korobov,A (2647) Aix les Bains 2011}) 6. f4 {B06: Modern Defence} b5 7. Nf3 {LiveBook: 4 Games} Bb7 8. Bd3 {White is slightly better.} Nd7 9. e5 $1 dxe5 $146 ({Predecessor:} 9... g5 10. fxg5 dxe5 11. O-O hxg5 12. Nxg5 Ngf6 13. Bg6 fxg6 14. Ne6 Rxh4 15. Nxd8 Rxd4 16. Nxb7 Rxd1 17. Raxd1 a5 18. Nxb5 Rb8 19. Nxc7+ Kf7 20. Nxa5 {1-0 (20) Banach,S (1892)-Choroszej,A (2098) Poznan 2014}) 10. fxe5 g5 11. Bf2 e6 12. a4 b4 13. Ne4 Ne7 14. h4 g4 15. Nfd2 h5 16. Be3 (16. Qe2 $16) 16... Nf5 $14 17. Bg5 Qb8 18. c3 O-O {...c5! is the strong threat.} 19. O-O c5 20. Nf6+ Bxf6 $1 21. Bxf6 Nxf6 22. Bxf5 exf5 23. Rxf5 Nh7 $1 {Threatens to win with ...Qc8.} 24. Rxh5 f5 $1 {Black wants to play ...cxd4.} 25. Rxf5 (25. Nc4 $11) 25... Rxf5 $17 26. Qxg4+ Kh8 27. Qxf5 Qg8 {[%csl Gb7][%cal Rg8g2]} 28. Qh3 $1 cxd4 29. cxd4 Rc8 30. Nf3 $2 (30. Rf1 $11) 30... Rc2 $19 31. Re1 Rxb2 32. e6 Nf6 33. e7 b3 (33... Bc6 $1 $17 {White must now prevent ...b3.} 34. h5 b3) 34. g4 (34. Re5 $1 $11 {keeps the balance.} Bc6 35. Rg5 Rb1+ 36. Kh2 Qb8+ 37. Re5) 34... Rc2 (34... Ne8 $1 $17 {And now ...Qf7 would win.} 35. Qg3 Qg6) 35. g5 {Hoping for Qf5.} Rc3 $36 {[%mdl 2048] Black is pushing.} 36. e8=Q $4 {[%mdl 8192]} (36. Qe6 $11 Qxe6 37. Rxe6) 36... Nxe8 37. Qd7 Bc6 ({Inferior is} 37... Rxf3 38. Rxe8 Rf8 39. Rxf8 $16) 38. Qe7 Rxf3 39. Re6 Qg7 $2 (39... Qf7 {( -> ...Rg3+)} 40. Qxf7 Rxf7 41. Rxc6 Rb7) 40. Rh6+ $2 {[#]} (40. Qxg7+ Nxg7 41. Rxc6) 40... Kg8 (40... Qxh6 $142 $1 41. gxh6 b2) 41. Qxg7+ Nxg7 42. Rxc6 {[%mdl 4096] Endgame KRN-KR} Nf5 43. h5 $2 (43. Rxa6 $17 {was the crucial defense.} Ne3 44. Rb6) 43... Nxd4 44. Rb6 Rf5 45. g6 $2 {[#]} (45. Rb8+ Kf7 46. g6+ Kg7 47. Rb7+ Kg8 48. Rb8+ Rf8 49. Rb4) 45... Rxh5 (45... Nb5 $142 $1 {[%mdl 512]} 46. Re6 (46. axb5 Rxb5) 46... b2 47. Re8+ Kg7) 46. Kf2 {[#]} b2 $1 47. Ke3 (47. Rxb2 Rh2+) 47... Nb5 {Precision: White = 42%, Black = 68%.} 0-1

[Event "2nd Irena Warakomska Memorial-A"]
[Site "Suwalki"]
[Date "2018.08.01"]
[Round "1"]
[White "Grib, Roman"]
[Black "Paprocki, Jaroslaw"]
[Result "1/2-1/2"]
[WhiteElo "2445"]
[BlackElo "2143"]
[Annotator "TA"]
[PlyCount "103"]
[EventDate "2018.08.01"]
[EventType "swiss"]
[EventCountry "POL"]
[SourceTitle "playchess.com"]
[Source "ChessBase"]
[SourceQuality "1"]

{[%evp 33,103,15,31,0,0,0,20,24,20,24,22,-17,-6,-5,0,0,0,-6,0,0,20,25,71,0,0,0,0,0,0,0,0,0,0,0,0,0,0,0,0,0,0,-562,-562,-1591,-1569,-1157,-624,-600,-610,-591,-563,-531,0,0,7,6,7,0,0,0,0,0,0,0,83,68,93,0,0,0,0,0]} 1. e4 e5 2. Nf3 Nc6 3. Bb5 Nf6 4. d3 d6 5. c3 Be7 6. O-O O-O 7. Re1 a6 8. Ba4 {[%cal Bb5a4,Ba4c2,Bc2d3][%mdl 32]} Nb8 9. Bc2 Re8 10. h3 Nbd7 11. d4 b5 12. a4 Bb7 13. Bd3 c6 14. Nbd2 Bf8 15. Qc2 g6 16. b3 Qc7 {C95: Closed Ruy Lopez: Breyer Variation with 10 d4} (16... Nh5 17. Bf1 Nf4 18. g3 Ne6 19. Bb2 Bg7 20. b4 Nb6 21. axb5 axb5 22. dxe5 Rxa1 23. Rxa1 dxe5 24. c4 Nd4 25. Bxd4 exd4 {½-½ (73) Inarkiev,E (2684)-Alekseenko,K (2621) Yaroslavl 2018}) 17. Bb2 Nh5 {LiveBook: 12 Games} 18. c4 {[%cal Rc4b5]} bxa4 $146 ({Predecessor:} 18... b4 19. c5 exd4 20. cxd6 Bxd6 21. Bxd4 c5 22. Bb2 Ne5 23. Bc4 Nxc4 24. Nxc4 {1-0 (46) Korneev,O (2565)-Alonso,S (2280) Manresa 1996}) 19. c5 exd4 20. cxd6 Bxd6 {And now ...axb3 would win.} 21. Bxd4 axb3 22. Nxb3 a5 23. Bc4 Ne5 24. Nxe5 Bxe5 25. Qc3 Bxd4 26. Qxd4 Re5 27. Nc5 Rae8 28. Nd7 ({White should play} 28. f4 $16 Nxf4 29. Nd7) 28... c5 $11 29. Bxf7+ $1 Kxf7 30. Nxe5+ Rxe5 31. Qc4+ Kg7 32. Qc3 $1 c4 33. Ra4 Ba6 34. Rea1 Nf4 {aiming for ...Ne2+.} 35. Kf1 Kf7 ({But not} 35... Nd3 36. Rxa5 Qb6 37. Kg1 $15) 36. Rxa5 Rxa5 37. Rxa5 $4 {[%mdl 8192]} (37. Qxa5 $11 {and White is okay.} Qxa5 38. Rxa5) 37... Qb7 $1 $19 {[%cal Rb7b1]} 38. g3 {[#]} Qb1+ $1 39. Qe1 Qd3+ 40. Kg1 Ne2+ 41. Kh2 c3 42. Rc5 Bc4 $2 (42... Qd4 $19 43. Rc7+ Kg8) 43. Qa1 $1 $11 Kg7 {Strongly threatening ...Qd4.} 44. Rc7+ Bf7 $1 $132 {[%mdl 2048] Hoping for ...Qd4. Black is not keeping still} 45. Qa2 Qf3 {[#]} 46. Rxf7+ $1 {[%mdl 512]} Qxf7 47. Qxe2 {KQ-KQ} Qb3 48. Qd3 Qb2 (48... Qb4 $11) 49. Qd4+ $16 Kf7 {[#] next ...Qd2 is good for Black.} 50. Qd7+ ({Better is} 50. e5 $1 $16) 50... Kf6 $11 51. Qd6+ Kf7 52. Qd7+ {Precision: White = 76%, Black = 47%.} 1/2-1/2

[Event "2nd Irena Warakomska Memorial-A"]
[Site "Suwalki"]
[Date "2018.08.01"]
[Round "1"]
[White "Kashlinskaya, Alina"]
[Black "Dzhuguryan, Tygran"]
[Result "1/2-1/2"]
[WhiteElo "2435"]
[BlackElo "2178"]
[Annotator "TA"]
[PlyCount "84"]
[EventDate "2018.08.01"]
[EventType "swiss"]
[EventCountry "POL"]
[SourceTitle "playchess.com"]
[Source "ChessBase"]
[SourceQuality "1"]

{[%evp 23,84,18,19,-10,1,2,22,12,27,0,3,6,8,6,6,2,2,2,2,2,6,2,6,0,0,-6,0,0,2,2,0,0,0,-9,-4,-10,0,0,0,0,0,0,0,-5,-9,-12,0,-4,0,0,0,0,0,0,0,0,0,0,0,0,0,0,27]} 1. e4 c6 2. d4 d5 3. Nc3 {[%cal Bb1c3,Bc3e4,Be4g5][%mdl 32]} dxe4 4. Nxe4 Nd7 5. Bd3 Ngf6 6. Ng5 e6 7. Qe2 Bd6 8. N1f3 h6 9. Ne4 Nxe4 10. Qxe4 Nf6 11. Qe2 Qc7 12. Bd2 b6 {LiveBook: 326 Games} 13. c4 {B17: Caro-Kann: Modern Line (4...Nd7)} (13. O-O-O Bb7 14. Ne5 O-O-O 15. f4 c5 16. dxc5 Bxc5 17. Kb1 Kb8 18. Rhf1 Nd5 19. c4 Nb4 20. Bxb4 Bxb4 21. Be4 Bd6 22. Bxb7 Qxb7 23. Qf3 Qxf3 24. Rxf3 Bxe5 25. Rxd8+ Rxd8 26. fxe5 {½-½ (32) Grandelius,N (2642)-Gharamian,T (2626) Germany 2017}) 13... a5 $146 ({Predecessor:} 13... Bb7 14. Bc3 Qe7 15. a3 Rd8 16. O-O-O Kd7 17. c5 Bf4+ 18. Bd2 Bc7 19. Kb1 Kc8 20. Rc1 Qd7 {1-0 (44) Milov,L (2422)-Schuster,K (2249) Bayern 2015}) 14. O-O Bb7 15. Bc3 O-O 16. b3 Rfe8 {The position is equal.} 17. Rad1 Rad8 18. Bb1 c5 19. dxc5 Bxc5 20. Ne5 Rxd1 21. Rxd1 Rd8 22. Rxd8+ Qxd8 23. Qd3 Qc7 24. Qe2 Qd8 25. Kf1 Kf8 26. Qd3 Qxd3+ 27. Nxd3 Bd6 28. c5 bxc5 29. Bxa5 Be4 30. f3 Bd5 31. Kf2 c4 ({Much weaker is} 31... Bxh2 $6 32. g3 $16) 32. bxc4 Bxc4 33. h3 Nd5 34. Bd2 Ke7 35. Nb2 Bc5+ 36. Ke1 Ba6 37. Bd3 Bb7 38. a4 Ne3 39. Bxe3 Bxe3 40. Bb5 Bd5 41. Nc4 Bxc4 42. Bxc4 f6 {Precision: White = 63%, Black = 51%.} 1/2-1/2

[Event "2nd Irena Warakomska Memorial-A"]
[Site "Suwalki"]
[Date "2018.08.01"]
[Round "1"]
[White "Grinev, Valeriy"]
[Black "Zielinski, Wojciech"]
[Result "1-0"]
[WhiteElo "2416"]
[BlackElo "2157"]
[Annotator "TA"]
[PlyCount "191"]
[EventDate "2018.08.01"]
[EventType "swiss"]
[EventCountry "POL"]
[SourceTitle "playchess.com"]
[Source "ChessBase"]
[SourceQuality "1"]

{[%evp 20,191,51,40,50,38,50,10,22,34,60,49,53,51,49,49,47,49,46,46,52,45,45,45,45,45,54,50,52,56,54,52,46,38,38,11,35,35,35,35,42,51,50,49,21,28,56,30,30,30,35,25,27,26,20,8,9,0,29,18,47,44,62,53,45,37,31,28,26,29,55,29,56,13,62,42,52,43,68,62,99,95,154,154,154,154,154,154,154,148,147,147,202,138,202,195,241,230,233,207,192,174,323,289,320,310,336,336,372,336,329,329,391,328,313,318,356,315,315,315,304,302,291,284,466,459,441,452,452,434,503,473,877,854,783,737,7459,7459,6486,5520,7459,5876,1435,541,29964,9746,29973,29971,29977,29973,29979,29969,29970,29971,29971,29971,29974,29973,29973,29974,29976,29977,29975,29974,29977,29978,29981,29982,29982,29979,29980,29978,29974,29968]} 1. c4 e6 2. Nf3 Nf6 3. g3 d5 4. d4 Be7 5. Bg2 O-O 6. O-O c5 7. cxd5 Nxd5 8. e4 Nf6 9. Nc3 cxd4 10. Nxd4 e5 11. Nf5 {LiveBook: 3 Games. E06: Closed Catalan: Early deviations} (11. Nc2 Nc6 12. Nd5 Nxd5 13. exd5 Nb4 14. Ne3 Bc5 15. Bd2 Qe7 16. Qb3 Na6 17. Nc4 Rb8 18. Rae1 Bd4 19. Nxe5 Bxe5 20. Bf4 Nc5 21. Rxe5 Qd7 22. Qe3 Qb5 23. Rg5 Ra8 24. Rxg7+ {1-0 (24) Kurajica,B (2532)-Angel Acosta,J (2208) Las Palmas 2011}) 11... Bxf5 12. exf5 {Strongly threatening Qxd8.} Nc6 13. h3 $146 {White is slightly better.} ({Predecessor:} 13. Be3 Qc8 14. Qb3 Rb8 15. Nb5 a6 16. Na7 Qxf5 17. Bxc6 bxc6 18. Nxc6 Qh3 19. Nxb8 {1-0 (43) Kozma,K (2311)-Jonas,Z (2100) Hungary 2013}) 13... Qxd1 14. Rxd1 Rfd8 15. Rxd8+ Rxd8 16. Be3 Nd4 17. Rd1 Ne2+ 18. Kf1 Nxc3 {[%cal Rd8d1]} 19. Rxd8+ Bxd8 20. bxc3 $14 {[%mdl 4096] Endgame KBB-KBN} b6 21. Ke2 Kf8 22. Kd3 Ke7 23. Kc4 Kd6 24. Kb5 Kc7 25. f4 e4 26. Bd4 Ne8 27. Kb4 Be7+ 28. Kb3 Nd6 29. Bxg7 Nxf5 30. Be5+ Bd6 31. Bxe4 Nxg3 32. Bxh7 Nh5 33. Bf5 Nxf4 34. Bd4 Ne2 35. Bf6 Ng3 36. Bg4 {Black should prevent h4.} Ne4 37. Bg7 {Threatens to win with h4.} Bg3 38. Kb4 a5+ 39. Ka4 Nd6 40. Bd4 Bh4 41. Be5 Kc6 42. Bf3+ Kd7 43. Kb3 f6 44. Bd4 Kc7 45. Be3 Bg3 46. Bg1 Nf7 47. Bg2 Nd6 48. Kc2 Nb5 49. Kd3 Be1 {[#]} 50. c4 $1 {[%cal Rc4b5]} Nd6 (50... Nc3 $142) 51. Kd4 $16 Nf7 52. Ke4 Ne5 53. Bf1 Kc6 54. Be2 Bh4 55. Kf5 Kc7 (55... Nd7 $16 {was necessary.} 56. Be3 Ne5) 56. Bd4 Kc6 (56... Nd7 $16 57. Bh5 Ne5) 57. Be3 $18 a4 58. Bg1 Kc7 59. Bd4 Kc6 60. Be3 a3 (60... Nf7 $142 61. Bf3+ Kc7) 61. Bf1 Kc7 62. Bc1 Kc6 63. Bxa3 Kd7 64. Bc1 Kc6 65. Be3 Kc7 66. Bh6 Kd6 67. Be2 Kc5 68. Be3+ Kc6 69. Ke6 Kc7 70. Bh6 Kc6 71. Bg7 Ng6 $2 (71... Nd7 72. Bf3+ Kc7) 72. Kf5 Ne7+ {[#]} 73. Kg4 $1 Bg5 74. Bd3 Kc5 75. h4 Bxh4 (75... Bc1 $142 76. Bxf6 Nc6) 76. Kxh4 Kd4 77. Bh7 Kxc4 78. Bxf6 Nc6 79. Kg3 Kb4 80. Kf3 Ka3 81. Bg8 b5 82. Ke2 (82. Bd5 $142 Nb4 83. Be7 Ka4 84. Bb3+ Ka5 85. Bxb4+ Kxb4 86. Ke3 Kc5 87. Kd2) 82... b4 83. Kd2 {White mates.} Na5 84. Kc2 Nc6 85. Bb2+ ({Worse is} 85. Bb3 Nd4+ 86. Bxd4 $11) 85... Ka4 86. Bf7 Kb5 87. Kd3 Kc5 88. Bg7 Kb5 89. Bd4 Na5 90. Be8+ Ka6 91. Ba4 Nb7 92. Kc4 Na5+ 93. Kxb4 Nc6+ 94. Kc3 Ne7 95. Bb3 Kb5 96. a4+ {Precision: White = 71%, Black = 37%.} 1-0

[Event "2nd Irena Warakomska Memorial-A"]
[Site "Suwalki"]
[Date "2018.08.01"]
[Round "1"]
[White "Rahul, Srivatshav P"]
[Black "Zgadzaj, Rafal"]
[Result "1-0"]
[WhiteElo "2388"]
[BlackElo "2154"]
[Annotator "NA"]
[PlyCount "71"]
[EventDate "2018.08.01"]
[EventType "swiss"]
[EventCountry "POL"]
[SourceTitle "playchess.com"]
[Source "ChessBase"]
[SourceQuality "1"]
[TimeControl "40/5400+30:1800+30"]

1. d4 {[%emt 0:00:00]} g6 {[%emt 0:00:00]} 2. c4 {[%emt 0:00:04]} Bg7 {[%emt 0:00:00]} 3. Nf3 {[%emt 0:00:19]} f5 {[%emt 0:00:00]} 4. g3 {[%emt 0:00:06]} d6 {[%emt 0:00:09]} 5. Bg2 {[%emt 0:00:11]} Nf6 {[%emt 0:00:05]} 6. O-O {[%emt 0:00:07]} O-O {[%emt 0:00:05]} 7. Nc3 {[%emt 0:00:06]} c6 {[%emt 0:00:57]} 8. b3 {[%emt 0:00:27]} Na6 {[%emt 0:00:29]} 9. Re1 {[%emt 0:00:06]} Qe8 10. Ba3 {[%emt 0:06:30]} b5 {[%emt 0:28:51]} 11. cxb5 {[%emt 0:27:46]} cxb5 {[%emt 0:00:12]} 12. Ng5 {[%emt 0:02:52]} Rb8 {[%emt 0:01:51]} 13. Nd5 {[%emt 0:01:07]} b4 {[%emt 0:08:16]} 14. Bb2 e6 {[%emt 0:15:34]} 15. Nxf6+ {[%emt 0:02:15]} Bxf6 {[%emt 0:00:02]} 16. Qd2 {[%emt 0:15:20]} Qe7 {[%emt 0:01:40]} 17. h4 {[%emt 0:08:39]} Bd7 {[%emt 0:13:13]} 18. e4 {[%emt 0:03:22]} fxe4 {[%emt 0:02:29]} 19. Nxe4 {[%emt 0:04:01]} Bg7 {[%emt 0:00:18]} 20. Ng5 {[%emt 0:02:00]} Qf6 {[%emt 0:04:58]} 21. Ne4 {[%emt 0:01:34]} Qe7 {[%emt 0:00:18]} 22. Ng5 {[%emt 0:00:16]} Qf6 {[%emt 0:00:04]} 23. Rac1 {[%emt 0:00:06]} h6 24. Ne4 {[%emt 0:09:05]} Qe7 {[%emt 0:03:14]} 25. d5 {[%emt 0:00:50]} Bxb2 {[%emt 0:06:07]} 26. Qxb2 {[%emt 0:00:09]} e5 {[%emt 0:00:06]} 27. f4 {[%emt 0:00:35]} Rbe8 {[%emt 0:03:38]} 28. fxe5 {[%emt 0:00:42]} Qxe5 {[%emt 0:01:09]} 29. Qxe5 {[%emt 0:00:12]} dxe5 {[%emt 0:00:35]} 30. Bf1 {[%emt 0:00:28]} Nb8 {[%emt 0:01:38]} 31. Rc7 {[%emt 0:00:20]} Rc8 {[%emt 0:04:41]} 32. Rec1 {[%emt 0:01:09]} Kh8 33. d6 {[%emt 0:02:31]} a5 {[%emt 0:04:54]} 34. Bb5 {[%emt 0:00:59]} Bf5 {[%emt 0:00:34]} 35. Nf6 {[%emt 0:00:08]} Rxc7 {[%emt 0:00:49]} 36. dxc7 1-0

[Event "2nd Irena Warakomska Memorial-A"]
[Site "Suwalki"]
[Date "2018.08.01"]
[Round "1"]
[White "Roy, Prantik"]
[Black "Praczukowski, Stanislaw"]
[Result "1-0"]
[WhiteElo "2377"]
[BlackElo "2136"]
[Annotator "NA"]
[PlyCount "63"]
[EventDate "2018.08.01"]
[EventType "swiss"]
[EventCountry "POL"]
[SourceTitle "playchess.com"]
[Source "ChessBase"]
[SourceQuality "1"]
[TimeControl "40/5400+30:1800+30"]

1. d4 {[%emt 0:00:00]} Nf6 {[%emt 0:00:00]} 2. Bg5 {[%emt 0:00:03]} Ne4 {[%emt 0:00:07]} 3. Bf4 {[%emt 0:00:43]} c5 {[%emt 0:00:49]} 4. f3 {[%emt 0:00:48]} Qa5+ {[%emt 0:00:30]} 5. c3 {[%emt 0:00:31]} Nf6 {[%emt 0:00:30]} 6. d5 {[%emt 0:00:46]} Qb6 {[%emt 0:01:18]} 7. Bc1 {[%emt 0:01:59]} d6 {[%emt 0:00:37]} 8. e4 {[%emt 0:00:14]} g6 {[%emt 0:00:43]} 9. c4 {[%emt 0:02:32]} Bg7 {[%emt 0:01:33]} 10. Nc3 {[%emt 0:00:22]} O-O {[%emt 0:00:24]} 11. Bd3 {[%emt 0:00:34]} e6 {[%emt 0:02:00]} 12. Nge2 {[%emt 0:00:35]} exd5 {[%emt 0:00:51]} 13. exd5 {[%emt 0:00:09]} Nbd7 {[%emt 0:02:07]} 14. f4 {[%emt 0:00:37]} a6 {[%emt 0:06:18]} 15. O-O {[%emt 0:01:35]} Qc7 {[%emt 0:03:16]} 16. a4 {[%emt 0:01:18]} Re8 {[%emt 0:03:26]} 17. h3 {[%emt 0:05:14]} Rb8 {[%emt 0:03:30]} 18. Qc2 {[%emt 0:02:51]} Nf8 {[%emt 0:18:45]} 19. Ng3 {[%emt 0:07:15]} Bd7 {[%emt 0:03:07]} 20. f5 {[%emt 0:03:32]} b5 {[%emt 0:02:22]} 21. Bg5 {[%emt 0:01:13]} bxc4 {[%emt 0:03:22]} 22. Bxc4 {[%emt 0:00:43]} Rb4 {[%emt 0:01:51]} 23. b3 {[%emt 0:08:02]} h6 {[%emt 0:09:29]} 24. Bxh6 {[%emt 0:05:20]} Bxh6 {[%emt 0:01:38]} 25. fxg6 {[%emt 0:00:20]} Be3+ {[%emt 0:02:48]} 26. Kh1 {[%emt 0:00:12]} Bd4 {[%emt 0:00:15]} 27. gxf7+ {[%emt 0:00:15]} Kxf7 {[%emt 0:00:07]} 28. Nh5 {[%emt 0:01:13]} Re3 {[%emt 0:09:36]} 29. Nxf6 {[%emt 0:01:46]} Bxf6 {[%emt 0:02:04]} 30. Qf2 {[%emt 0:00:21]} Rxc3 {[%emt 0:00:10]} 31. Qxf6+ {[%emt 0:00:06]} Ke8 {[%emt 0:00:03]} 32. Qxf8# {[%emt 0:00:06]} 1-0

[Event "2nd Irena Warakomska Memorial-A"]
[Site "Suwalki"]
[Date "2018.08.01"]
[Round "1"]
[White "Oglaza, Oskar"]
[Black "Kuchava, Ana"]
[Result "1-0"]
[WhiteElo "2364"]
[BlackElo "2124"]
[Annotator "NA"]
[PlyCount "69"]
[EventDate "2018.08.01"]
[EventType "swiss"]
[EventCountry "POL"]
[SourceTitle "playchess.com"]
[Source "ChessBase"]
[SourceQuality "1"]
[TimeControl "40/5400+30:1800+30"]

1. c4 {[%emt 0:00:00]} e6 {[%emt 0:00:15]} 2. g3 {[%emt 0:00:00]} d5 {[%emt 0:00:32]} 3. Bg2 {[%emt 0:00:12]} Nf6 {[%emt 0:00:20]} 4. Nf3 {[%emt 0:00:35]} c6 {[%emt 0:02:35]} 5. b3 {[%emt 0:04:25]} Nbd7 {[%emt 0:02:54]} 6. Bb2 {[%emt 0:00:45]} Bd6 {[%emt 0:10:33]} 7. d4 {[%emt 0:03:55]} O-O {[%emt 0:01:37]} 8. O-O {[%emt 0:00:12]} Re8 {[%emt 0:01:12]} 9. Nc3 {[%emt 0:01:23]} dxc4 {[%emt 0:13:02]} 10. bxc4 {[%emt 0:00:26]} e5 {[%emt 0:02:06]} 11. e3 {[%emt 0:06:20]} exd4 {[%emt 0:03:32]} 12. exd4 {[%emt 0:00:09]} Nf8 {[%emt 0:02:47]} 13. Qb3 {[%emt 0:10:23]} Qb6 {[%emt 0:27:20]} 14. Qc2 {[%emt 0:15:55]} Qa5 {[%emt 0:00:59]} 15. Rad1 {[%emt 0:18:59]} Be6 {[%emt 0:14:38]} 16. Nd2 {[%emt 0:02:39]} Bf5 {[%emt 0:04:41]} 17. Qb3 {[%emt 0:04:05]} Qb4 {[%emt 0:02:05]} 18. c5 {[%emt 0:01:04]} Qxb3 {[%emt 0:00:09]} 19. axb3 {[%emt 0:00:10]} Be7 {[%emt 0:00:37]} 20. Nc4 {[%emt 0:01:32]} Rad8 {[%emt 0:04:28]} 21. b4 {[%emt 0:01:55]} Be6 {[%emt 0:03:13]} 22. Na5 {[%emt 0:00:22]} Rb8 {[%emt 0:00:49]} 23. b5 {[%emt 0:04:44]} Bd8 {[%emt 0:00:31]} 24. Nxb7 {[%emt 0:06:54]} cxb5 {[%emt 0:00:04]} 25. Nd6 {[%emt 0:01:10]} Re7 {[%emt 0:00:23]} 26. d5 {[%emt 0:00:37]} Bg4 {[%emt 0:00:29]} 27. f3 {[%emt 0:00:38]} b4 {[%emt 0:00:34]} 28. fxg4 {[%emt 0:04:17]} bxc3 {[%emt 0:00:05]} 29. Bxc3 {[%emt 0:00:05]} Nxg4 {[%emt 0:00:44]} 30. Nf5 {[%emt 0:03:21]} Re3 {[%emt 0:01:13]} 31. Nxe3 {[%emt 0:00:52]} Nxe3 {[%emt 0:00:02]} 32. Rb1 {[%emt 0:00:58]} Rc8 {[%emt 0:00:18]} 33. c6 {[%emt 0:00:55]} Nxf1 {[%emt 0:00:13]} 34. Kxf1 {[%emt 0:01:12]} Be7 {[%emt 0:01:16]} 35. Bh3 {[%emt 0:00:36]} 1-0

[Event "2nd Irena Warakomska Memorial-A"]
[Site "Suwalki"]
[Date "2018.08.01"]
[Round "1"]
[White "Kosakowski, Jakub"]
[Black "Jankowiak, Tomasz"]
[Result "1-0"]
[WhiteElo "2361"]
[BlackElo "2117"]
[Annotator "NA"]
[PlyCount "45"]
[EventDate "2018.08.01"]
[EventType "swiss"]
[EventCountry "POL"]
[SourceTitle "playchess.com"]
[Source "ChessBase"]
[SourceQuality "1"]
[TimeControl "40/5400+30:1800+30"]

1. e4 {[%emt 0:00:00]} c5 {[%emt 0:00:00]} 2. Nf3 {[%emt 0:00:14]} d6 {[%emt 0:00:00]} 3. d4 {[%emt 0:00:10]} cxd4 {[%emt 0:00:00]} 4. Nxd4 {[%emt 0:00:08]} Nf6 {[%emt 0:00:00]} 5. Nc3 {[%emt 0:00:07]} a6 {[%emt 0:00:00]} 6. Bg5 {[%emt 0:01:24]} Nbd7 {[%emt 0:00:03]} 7. Bc4 {[%emt 0:00:34]} Qb6 {[%emt 0:01:06]} 8. O-O {[%emt 0:05:10]} Qxb2 {[%emt 0:11:05]} 9. Nd5 {[%emt 0:03:05]} Nxd5 {[%emt 0:03:26]} 10. Rb1 {[%emt 0:00:10]} Qc3 {[%emt 0:13:08]} 11. Bxd5 {[%emt 0:00:10]} Nc5 {[%emt 0:00:36]} 12. Re1 {[%emt 0:10:12]} h6 {[%emt 0:19:47]} 13. Bh4 {[%emt 0:15:20]} e5 {[%emt 0:20:15]} 14. Nf5 {[%emt 0:15:46]} Ra7 {[%emt 0:06:42]} 15. Qg4 {[%emt 0:05:51]} Ne6 {[%emt 0:13:28]} 16. Bxe6 {[%emt 0:00:19]} Bxe6 {[%emt 0:00:16]} 17. Nxg7+ {[%emt 0:00:08]} Bxg7 {[%emt 0:00:57]} 18. Qxg7 {[%emt 0:00:06]} Rf8 {[%emt 0:00:08]} 19. Qf6 {[%emt 0:00:29]} Qc7 {[%emt 0:00:21]} 20. Rb6 {[%emt 0:00:19]} Rg8 {[%emt 0:01:25]} 21. Rd1 {[%emt 0:00:10]} Kd7 {[%emt 0:02:23]} 22. Rbxd6+ {[%emt 0:00:12]} Qxd6 {[%emt 0:00:12]} 23. Qe7+ {[%emt 0:00:05]} 1-0